| 000 | 00496nam a22001817a 4500 | ||
|---|---|---|---|
| 005 | 20240305153817.0 | ||
| 008 | 240131b |||||||| |||| 00| 0 eng d | ||
| 020 | _a9798186809081 | ||
| 082 |
_a617.67 _bKAP-T |
||
| 100 | _aKapoor, Vinod | ||
| 245 |
_aTextbook of oral and maxillofacial surgery / _cVinod Kapoor |
||
| 250 | _a2nd ed. | ||
| 260 |
_aindia : _bElsevier ; _c2005 . |
||
| 300 |
_a684 p : _bill ; _c25 cm. |
||
| 500 | _aInclude Index. | ||
| 650 | _aMedical / Dentistry | ||
| 999 |
_c35131 _d35131 |
||